El problema de los fines y los medios en la educación / (Record no. 126829)

MARC details
000 -LEADER
campo de control de longitud fija 00534nam a2200169 4500
001 - NÚMERO DE CONTROL
campo de control 126829
003 - IDENTIFICADOR DE NÚMERO DE CONTROL
campo de control ES-MaACL
005 - FECHA Y HORA DE LA ÚLTIMA TRANSACCIÓN
campo de control 20230906192906.0
007 - CAMPO FIJO DE DESCRIPCIÓN FÍSICA--INFORMACIÓN GENERAL
campo de control de longitud fija t|
008 - DATOS DE LONGITUD FIJA--INFORMACIÓN GENERAL
campo de control de longitud fija 070214s1948 cu r ||||1| spa d
100 1# - ENTRADA PRINCIPAL--NOMBRE DE PERSONA
Nombre de persona Rexach, Rosario.
9 (RLIN) 96479
245 13 - MENCIÓN DEL TÍTULO
Título El problema de los fines y los medios en la educación /
Mención de responsabilidad, etc. Rosario Rexach.
260 ## - PUBLICACIÓN, DISTRIBUCIÓN, ETC.
Lugar de publicación, distribución, etc. La Habana :
Nombre del editor, distribuidor, etc. [s.n.],
Fecha de publicación, distribución, etc. 1948 (
Fabricante Imp. Cultural)
300 ## - DESCRIPCIÓN FÍSICA
Extensión 24 p. ;
Dimensiones 23 cm.
500 ## - NOTA GENERAL
Nota general Es separata de la Revista Universidad de La Habana.
852 ## - LOCALIZACIÓN
Ubicación ES-MaACL
Número de control de estantería 1606-F-2
Sublocalización o colección R.26549
Holdings
Estatus retirado Estado de pérdida Estado de daño No para préstamo Colección Biblioteca de origen Biblioteca actual Ubicación en estantería Fecha de adquisición Fuente de adquisición Total de préstamos Signatura topográfica completa Código de barras Visto por última vez Precio de reemplazo Tipo de ítem Koha
        Colección de folletos Biblioteca del Ateneo de Madrid Biblioteca del Ateneo de Madrid Depósito folletos 17/01/2008     1606-F-2 1132101 23/02/2023 23/02/2023 Folleto